• 首页
  • 本馆介绍
  • 公告通知
  • 最新文献
  • 馆藏检索
  • 电子资源
  • 读者导购
  • 参考咨询
  • 我的图书馆
  • 登录
  • 详细信息显示
  • 放入我的书架
  • 预约/预借图书
  • 作者相关作品
  • 分类相关作品
  • 丛书相关作品
  • 出版社相关作品

书目信息

  • 表格格式
  • 工作单格式
  • 卡片格式
题名:
微生物生理学
    
 
作者: 莫特 , Mott , 格尼 , Gurney 著 ;潘金声 , 李文雄 译
分册:  
出版信息: 北京   科学出版社  1959
页数: 298页
开本: 21cm
丛书名:
单 册:
中图分类: O73
科图分类:
主题词: 离子晶体--电光效应
电子资源:
ISBN: 13031.1204
000 01020cam0 2200325 450
001 0105452027
005 20071207094708.0
010    @a13031.1204@dCNY1.40
091    @a13031.1204@dCNY1.40
100    @a19960228d1959 em y0chiy0110 ea
101 1  @achi@ceng
102    @aCN@b110000
105    @afk z 000yy
106    @ar
200 1  @a微生物生理学@9Wei Sheng Wu Sheng Li Xue @f(英)莫特,N.F.,(英)格尼,R.W.著@g潘金声,李文雄译@b专著
210    @a北京@c科学出版社@d1959
215    @a298页@c图表@d21cm
300    @a据1953年英文版译出
300    @a译自:Electronic processes in ionic crystals
510 1  @aElectronic processes in ionic crystals@zeng
606 0  @a离子晶体@x电光效应
690    @aO73@v3
701  1 @a莫特@9mo te@bN.F.@4著
701  1 @aMott@bN.F.@4著
701  1 @c(英)@a格尼@c(Gurney, R. W.)@4著@9ge ni
701  1 @aGurney@bR.W.@4著
702  0 @a潘金声@9pan jin sheng@4译
702  0 @a李文雄@9li wen xiong@4译
801  0 @aCN@b上海图书馆@c19970403
905    @aBZT@dO73@e1@f2@sO73/1
    
    微生物生理学/(英)莫特,N.F.,(英)格尼,R.W.著/潘金声,李文雄译.-北京:科学出版社,1959
    298页:图表;21cm
    据1953年英文版译出.-译自:Electronic processes in ionic crystals
    
    ISBN 13031.1204:CNY1.40
    
●
相关链接 在五车中查询图书 在当当中查询图书 在豆瓣中查询图书


正题名:微生物生理学     索取号:O73/1         预约/预借

序号 登录号 条形码 馆藏地/架位号 状态 备注
1 2000099300   2000099300   旧书回溯/ [索取号:O73/1] 在馆    
2 2000119497   2000119497   旧书回溯/ [索取号:O73/1] 在馆    
山东省滨州职业学院图书馆 欢迎您!
大连网信软件有限公司© 版权所有